00213 a2200097 450000100060000008200170000610000210002324500260004426000360007030000090010676697 a954.9143 RAH aDr Anjum Rehmani aMurqa-e- LahorehUrdu aLahorebKhan Book Companyc2009 a432p